[Event "Niedersachsen-ch op C"]
[Site "Verden"]
[Date "2019.01.06"]
[Round "7"]
[White "Braun, Marten"]
[Black "Aden, Keno"]
[Result "1-0"]
[WhiteElo "741"]
[BlackElo "779"]
[PlyCount "93"]
[EventDate "2019.01.03"]
[EventType "swiss"]
[EventRounds "7"]
[EventCountry "GER"]
[SourceTitle "EXT 2022"]
[Source "ChessBase"]
[SourceDate "2021.10.06"]
[SourceVersion "1"]
[SourceVersionDate "2021.10.06"]
[SourceQuality "1"]

1. e4 e5 2. Nf3 Nc6 3. Bc4 Nf6 4. d3 Bd6 5. Nc3 0-0 6. Bg5 h6 7. Be3 Ng4 8. Qd2 Nxe3 9. Qxe3 b6 10. Na4 Nb4 11. Rc1 Na6 12. 0-0 Nc5 13. Bd5 Bb7 14. Nxe5 Bxe5 15. Nxc5 bxc5 16. Qxc5 Qh4 17. g3 Qg5 18. d4 Bd6 19. Qb5 c6 20. Qxb7 cxd5 21. exd5 Rfb8 22. Qxd7 Rd8 23. Qc6 Rac8 24. Qa6 Bb8 25. Rce1 Qf6 26. Qd3 Rc7 27. Re2 Qd6 28. Re5 Rdc8 29. Rc1 a5 30. a3 Ba7 31. c3 Rc5 32. dxc5 Qxe5 33. b4 g5 34. Rd1 Bb8 35. d6 f5 36. Qd5+ Qxd5 37. Rxd5 f4 38. gxf4 gxf4 39. d7 Rd8 40. c6 Bc7 41. bxa5 Kh7 42. Rb5 Rg8+ 43. Kf1 f3 44. Rb7 Bxh2 45. d8Q+ Kh8 46. Qd4+ Rg7 47. Qxg7# 1-0

[Event "Niedersachsen-ch op C"]
[Site "Verden"]
[Date "2019.01.05"]
[Round "5"]
[White "Braun, Marten"]
[Black "Wilmink, Marion"]
[Result "0-1"]
[WhiteElo "741"]
[BlackElo "1122"]
[PlyCount "62"]
[EventDate "2019.01.03"]
[EventType "swiss"]
[EventRounds "7"]
[EventCountry "GER"]
[SourceTitle "EXT 2022"]
[Source "ChessBase"]
[SourceDate "2021.10.06"]
[SourceVersion "1"]
[SourceVersionDate "2021.10.06"]
[SourceQuality "1"]

1. e4 e5 2. Nf3 Nc6 3. Bc4 Nf6 4. d3 Bb4+ 5. Nc3 Bxc3+ 6. bxc3 0-0 7. 0-0 d6 8. Bg5 Be6 9. Bd5 h6 10. Bh4 Qd7 11. Bc4 Nh5 12. d4 Bxc4 13. Re1 Nf4 14. dxe5 d5 15. Nd2 Qe6 16. g3 Nh3+ 17. Kg2 Nxe5 18. Nf3 Ng4 19. Nd4 Qc8 20. f3 Ngf2 21. Qd2 dxe4 22. Be7 Re8 23. Bc5 exf3+ 24. Nxf3 Ne4 25. Qd4 Bb5 26. Rxe4 Rxe4 27. Qxe4 Bc6 28. Qe5 Qg4 29. Rf1 Re8 30. Qxc7 Re2+ 31. Rf2 Bxf3+ 0-1